| 000 | 00491nam a2200169Ia 4500 | ||
|---|---|---|---|
| 003 | OSt | ||
| 005 | 20200616103104.0 | ||
| 008 | 190216s9999||||xx |||||||||||||| ||und|| | ||
| 020 | _a9788125004226 | ||
| 040 | _coclc | ||
| 082 |
_a309.154 _bSRI/S |
||
| 100 |
_aSrinivas, M N _92900 |
||
| 245 | 0 |
_aSocial Change In Modern India / _cM N Srinivas |
|
| 260 |
_bOrient Black Swans, _c2009. _aHyderbad: |
||
| 300 | _a200p | ||
| 942 |
_cBK _2ddc _h309.154 _iSRI/S _k309.154 _mSRI/S |
||
| 999 |
_c21412 _d21412 |
||